000 00398nam a2200157Ia 4500
008 230917s9999||||xx |||||||||||||| ||und||
020 _cDFL55
040 _e6007
_aMAIN
041 _aEnglish
082 _a327 M523O
100 _aMendlovitz, Saul H ,ed.
245 0 _aOn the creation of a just world order
260 _aAmesterdam
_bNorth-Holland
_c1975
300 _axviii, 302 p.
942 _cBK
999 _c71342
_d71342